Komplexný výskum liečiv - jedine v Modre
Rozhovor s finančnou riaditeľkou a.s. VÚLM, Modra. Výroba liekov pod prísnou medzinárodnou kontrolou. Zvyšovanie výroby kvalitných liekov pre pacientov doma aj v zahraničí. Výskum liekov na kľúč.
Salvato in:
| Autore principale: | |
|---|---|
| Natura: | Capitolo di libro |
| Lingua: | slovacco |
| Soggetti: | |
| Tags: |
Nessun Tag, puoi essere il primo ad aggiungerne!!
|
MARC
| LEADER | 00000naa$a2200000$$$4500 | ||
|---|---|---|---|
| 001 | 0003897 | ||
| 005 | 20230825103211.4 | ||
| 041 | 0 | |a slo | |
| 044 | |a SK | ||
| 245 | 1 | 0 | |a Komplexný výskum liečiv - jedine v Modre |c účast. interv. Mária Turčanová |
| 520 | |a Rozhovor s finančnou riaditeľkou a.s. VÚLM, Modra. Výroba liekov pod prísnou medzinárodnou kontrolou. Zvyšovanie výroby kvalitných liekov pre pacientov doma aj v zahraničí. Výskum liekov na kľúč. | ||
| 610 | 2 | 0 | |a liečivá |
| 610 | 2 | 0 | |a výskum |
| 610 | 2 | 0 | |a Slovensko |
| 100 | 1 | |a Turčanová, Mária, 1978- | |